00317nam a2200133Ia 4500008004100000041000800041082001600049100001700065245001600082250000600098260004700104300001500151650001700166210716s2001 xx 000 0 und d aeng a344.01 SAII aSaiyed, I A. aLabour law. a1 aNew DelhibHimalaya Publishing Housec2001 axlviii,726 aBusiness Law